Every Crash Featured in Air Crash Investigation - Statistics

General Stats
  • This quiz has been taken 184 times
  • The average score is 29 of 212
Answer Stats
Hint Answer % Correct
3.3 | 23.10 Japan Air Lines 123
64%
12.13 Air France 447
61%
1.3 Swissair 111
46%
1.1 United Airlines 811
46%
5.7 Air India 182
42%
12.7 American Airlines 191
42%
7.1 China Airlines 611
42%
14.11 Malaysia Airlines 370
39%
5.1 Delta Air Lines 191
38%
16.3 KLM 4805
36%
18.4 Malaysia Airlines 17
35%
3.10 Aeroflot 593
33%
5.2 Air Canada 143
33%
13.5 American Airlines 587
32%
3.6 Iran Air 655
30%
9.3 Air France 296
28%
1.6 Air Transat 236
28%
21.4 Lion Air 610
28%
11.13 United Airlines 232
28%
4.3 Air Canada 797
26%
14.7 Air France 4590
26%
1.5 Alaska Airlines 261
26%
16.2 American Airlines 77
26%
5.3 American Airlines 96
26%
2.5 American Airlines 965
26%
2.4 DHL 611
26%
17.4 Trans World Airlines 800
26%
1.4 Aeroperú 603
25%
4.6 China Airlines 006
25%
3.8 EgyptAir 990
25%
4.4 Korean Air 801
25%
9.5 Korean Air Lines 007
25%
4.1 Air France 358
23%
10.2 British Airways 38
23%
18.9 China Airlines 140
23%
16.7 Germanwings 9525
23%
13.10 Qantas 32
23%
4.5 United Airlines 585
23%
3.13 Ethiopian Airlines 961
22%
4.10 Helios Airways 522
22%
5.3 Turkish Airlines 981
22%
4.7 Aeroméxico 498
20%
17.3 Air China 129
20%
11.3 Arrow Air 1285
20%
16.4 China Airlines 120
20%
18.3 Delta Air Lines 1141
20%
17.5 Garuda Indonesia 152
20%
15.8 Garuda Indonesia 200
20%
11.8 Pacific Southwest Airlines 182
20%
7.4 Saudia 763
20%
14.4 Copa Airlines 201
19%
7.2 Pan American World Airways 103
19%
11.1 TAM Airlines 3054
19%
4.5 USAir 427
19%
10.5 US Airways 1549
19%
2.3 Air France 8969
17%
1.2 American Airlines 1420
17%
7.4 Kazakhstan Airlines 1907
17%
11.9 Nigeria Airways 2120
17%
21.5 Southwest Airlines 1380
17%
2.4 Bashkirian Airlines 2937
16%
5.8 Birgenair 301
16%
19:1 Cathay Pacific 780
16%
15.3 El Al 1862
16%
14.2 Lauda Air 004
16%
9.2 Northwest Airlines 255
16%
11.6 Northwest Airlines 85
16%
11.10 Pacific Southwest Airlines 1771
16%
18.7 Qantas 72
16%
12.6 Trans World Airlines 2
16%
7.7 Adam Air 574
14%
22.5 Alaska Airlines 261
14%
4.2 British Airways 009
14%
2.1 British Airways 5390
14%
13.1 British European Airways 548
14%
4.9 Flash Airlines 604
14%
5.10 Gol Transportes Aéreos 1907
14%
13.7 Itavia 870
14%
16.3 Pan American World Airways 1736
14%
12.4 SilkAir 185
14%
22.6 Trans World Airlines 841
14%
14.3 Varig 254
14%
11.2 West Caribbean Airways 708
14%
3.1 Aloha Airlines 243
13%
21.8 Ansett New Zealand 703
13%
15.2 Asiana Airlines 214
13%
14.1 British Midland 92
13%
21.3 Comair 5191
13%
5.9 Eastern Air Lines 401
13%
12.11 Ethiopian Airlines 409
13%
22.1 Flydubai 981
13%
16.8 Garuda Indonesia 421
13%
20.10 Kenya Airways 507
13%
16.10 National Airlines 102
13%
3.5 Philippine Airlines 434
13%
12.3 Singapore Airlines 006
13%
5.4 South African Airways 295
13%
15.7 Spanair 5022
13%
17.10 Thai Airways International 311
13%
15.4 UPS Airlines 6
13%
13.4 Air Florida 90
12%
9.6 Air Ontario 1363
12%
9.1 British Airtours 28M
12%
3.4 Federal Express 705
12%
11.12 Scandinavian Airlines 686
12%
12.5 TANS Perú 204
12%
10.6 Turkish AIrlines 1951
12%
10.4 Colgan Air 3407
10%
10.1 Crossair 3597
10%
13.3 Crossair 498
10%
4.5 Eastwind Airlines 517
10%
19.5 Fine Air 101
10%
16.9 Indonesia AirAsia 8501
10%
19.3 KLM Cityhopper 433
10%
19.9 LaMia 2933
10%
7.3 Partnair 394
10%
17.7 TransAsia Airways 235
10%
9.6 USAir 405
10%
20.2 West Air Sweden 294
10%
2.6 Avianca 52
9%
19.7 Continental Airlines 1404
9%
13.2 Hughes Airwest 706
9%
11.7 Korean Air Cargo 8509
9%
20.9 LAM Mozambique Airlines 470
9%
20.1 Pakistan International Airlines 268
9%
10.3 Scandinavian Airlines 751
9%
23.4 Sichuan Airlines 8633
9%
19.6 TAROM 371
9%
22.4 Trans-Air Service 671
9%
18.2 TransAsia Airways 222
9%
12.8 United Airlines 173
9%
21.10 UPS Airlines 1354
9%
12.2 ValuJet Airlines 592
9%
13.8 XL Airways Germany 888T
9%
19.8 Aeroflot-Nord 821
7%
20.5 AIRES 8250
7%
5.5 Air Midwest 5481
7%
22.7 American Airlines 1572
7%
7.8 American Eagle 4184
7%
19.4 American International Airways 808
7%
11.5 British European Airways 609
7%
14.5 Federal Express 14
7%
14.5 Federal Express 80
7%
14.10 First Air 6560
7%
17.9 LAPA 3142
7%
17.8 Metrojet 9268
7%
12.10 Polish Air Force 101
7%
5.6 Southern Airways 242
7%
11.11 TACA 110
7%
20.8 Trigana Air 267
7%
12.6 United Airlines 718
7%
21.6 US-Bangla Airlines 211
7%
2.2 Atlantic Southeast Airlines 529
6%
18.1 Emery Worldwide Airlines 17
6%
21.1 Loganair 6780
6%
14.9 Manx2 7100
6%
22.2 Martinair 495
6%
12.1 Reeve Aleutian Airways 8
6%
7.6 Tuninter 1153
6%
23.3 Air Astana 1388
4%
22.8 Air Illinois 710
4%
23.2 Airlines PNG 1600
4%
13.9 Air Moorea 1121
4%
15.9 Atlantic Southeast Airlines 2311
4%
23.9 Atlas Air 3591
4%
9.8 Chalk's Ocean Airways 101
4%
18.10 Continental Airlines 1713
4%
11.4 Continental Express 2574
4%
23.8 Corporate Airlines 5966
4%
22.9 Flagship Airlines 3379
4%
17.1 Northwest Airlink 5719
4%
20.6 Sol Líneas Aéreas 5428
4%
15.10 TAM Transportes Aéreos Regionais 402
4%
20.3 Uni Air 873
4%
7.5 United States Air Force C-5A
4%
9.4 USAir 1493
4%
9.7 Air Inter 148
3%
15.6 Atlantic Airways 670
3%
3.7 Bristow Helicopters 56C
3%
21.2 ExecuFlight 1526
3%
20.4 Northwest Airlines 1482
3%
20.4 Northwest Airlines 299
3%
21.9 Propair 420
3%
16.5 Proteus Airlines 706
3%
18.5 Sukhoi Superjet 100
3%
16.6 Trans-Colorado Airlines 2286
3%
4.8 United States Air Force IFO 21
3%
17.6 USAir 1016
3%
12.9 YAK-Service 9633
3%
18.8 Alitalia 72
1%
17.2 Comair 3272
1%
3.2 DHL A300
1%
23.1 Independent Air 1851
1%
23.7 LOT Polish Airlines 16
1%
12.12 Santa Bárbara Airlines 518
1%
9.4 SkyWest Airlines 5569
1%
15.1 United Express 5925
1%
19.10 United Express 6291
1%
22.3 United States Air Force B-2
1%
21.7 United States Air Force Whale 05
1%
23.6 2017 Sydney Seaplanes Crash
0%
19.2 Aero Trans Corp. North American P-51D Mustang
0%
20.7 Cougar Helicopter 91
0%
22.10 Island Express Holdings Sikorsky S-76B
0%
14.6 JFK Jr.'s Private Piper Saratoga
0%
23.5 Knight Air 816
0%
14.8 Mexican Secretariat of the Interior
0%
13.6 National Oceanic and Atmospheric Administration 42
0%
16.1 SunJet Aviation Learjet 35
0%
15.5 Transair Sweden DC-6
0%
18.6 Virgin Galactic SpaceShipTwo
0%
No matching quizzes found
Score Distribution
Percent of People with Each Score
Percentile by Number Answered
Your Score History
You have not taken this quiz